000 00706nam a2200229Ia 4500
003 OSt
005 20220925172158.0
006 a|||||r|||| 00| 0
007 ta
008 220923b |||||||| |||| 00| 0 eng d
037 _cGeneral Book
040 _aRTL
_cRTL
_beng
041 _2eng
_aeng
082 _aX621.2.N90r
110 _aDeposit Insurance and Credit Gnarantee Corporation.
_9240783
245 0 _aAnnual Report, 1989-90
260 _aBombay
_bDeposit Insurance and Credit Guarantee Corporation.
_c1990
300 _ax; 59p.
_ccm.
700 _aDeposit Insurance and Credit Gnarantee Corporation.
_9240784
942 _hX621.2.N90r
_cGB
_2CC
999 _c484406
_d484406